MARC details
| 000 -LEADER |
| fixed length control field |
01776cam a2200373 i 4500 |
| 001 - CONTROL NUMBER |
| control field |
7383 |
| 003 - CONTROL NUMBER IDENTIFIER |
| control field |
BD-DhEWU |
| 005 - DATE AND TIME OF LATEST TRANSACTION |
| control field |
20140605020005.0 |
| 008 - FIXED-LENGTH DATA ELEMENTS--GENERAL INFORMATION |
| fixed length control field |
140122s2013 paua g b 001 0 eng d |
| 020 ## - INTERNATIONAL STANDARD BOOK NUMBER |
| International Standard Book Number |
9781466639706 (hardcover) |
|
| Cancelled/invalid ISBN |
9781466639713 (ebook) |
|
| Cancelled/invalid ISBN |
9781466639720 (print & perpetual access) |
| 035 ## - SYSTEM CONTROL NUMBER |
| System control number |
(OCoLC)827008132 |
| 040 ## - CATALOGING SOURCE |
| Original cataloging agency |
DLC |
| Language of cataloging |
eng |
| Transcribing agency |
DLC |
| Description conventions |
rda |
| Modifying agency |
DLC |
| -- |
BD-DhEWU |
| 041 ## - LANGUAGE CODE |
| Language code of text/sound track or separate title |
eng |
| 050 00 - LIBRARY OF CONGRESS CALL NUMBER |
| Classification number |
PK1658.5 |
| Item number |
.T43 2013 |
| 082 00 - DEWEY DECIMAL CLASSIFICATION NUMBER |
| Classification number |
491.440285 |
| Item number |
KAT 2013 |
| 245 00 - TITLE STATEMENT |
| Title |
Technical challenges and design issues in Bangla language processing / |
| Statement of responsibility, etc |
[edited by] M.A. Karim, Old Dominion University, USA, M. Kaykobad, Bangladesh University of Engineering and Technology, Bangladesh, M. Murshed, Monash University, Australia. |
| 260 ## - PUBLICATION, DISTRIBUTION, ETC. (IMPRINT) |
| Place of publication, distribution, etc |
Hershey,PA, USA |
| Name of publisher, distributor, etc |
Information Science Reference |
| Date of publication, distribution, etc |
2013 |
| 300 ## - PHYSICAL DESCRIPTION |
| Extent |
xvii, 407 pages : |
| Other physical details |
illustrations ; |
| Dimensions |
29 cm. |
| 490 0# - SERIES STATEMENT |
| Series statement |
Premier reference source |
| 504 ## - BIBLIOGRAPHY, ETC. NOTE |
| Bibliography, etc |
Includes bibliographical references (pages 369-395) and index. |
| 520 ## - SUMMARY, ETC. |
| Summary, etc |
This book addresses the difficulties as well as the overwhelming benefits associated with creating programs and devices that are accessible to the speakers of the Bangla language -- |
| 526 ## - STUDY PROGRAM INFORMATION NOTE |
| Program name |
CSE |
| 590 ## - LOCAL NOTE (RLIN) |
| Local note |
Tahur Ahmed |
| 650 #0 - SUBJECT ADDED ENTRY--TOPICAL TERM |
| Topical term or geographic name as entry element |
Bengali language |
| General subdivision |
Data processing. |
| 9 (RLIN) |
3679 |
|
| Topical term or geographic name as entry element |
Computational linguistics. |
| 9 (RLIN) |
3680 |
| 700 1# - ADDED ENTRY--PERSONAL NAME |
| Personal name |
Karim, M. A., |
| Dates associated with a name |
1953- |
| Relator term |
editor of compilation. |
| 9 (RLIN) |
3681 |
|
| Personal name |
Kaykobad, M., |
| Dates associated with a name |
1954- |
| Relator term |
editor of compilation. |
| 9 (RLIN) |
3682 |
|
| Personal name |
Murshed, M., |
| Dates associated with a name |
1970- |
| Relator term |
editor of compilation. |
| 9 (RLIN) |
3683 |
| 856 ## - ELECTRONIC LOCATION AND ACCESS |
| Materials specified |
WorldCat details |
| Uniform Resource Identifier |
http://www.worldcat.org/title/technical-challenges-and-design-issues-in-bangla-language-processing/oclc/827008132&referer=brief_results |
| 942 ## - ADDED ENTRY ELEMENTS (KOHA) |
| Source of classification or shelving scheme |
Dewey Decimal Classification |
| Koha item type |
Text |
| Koha issues (borrowed), all copies |
1 |